Les vainqueurs au World Grand Prix (fléchettes, 1998-2025) - Statistiques

Statistiques générales
  • Ce quiz a été pris 20 fois
    16 depuis la dernière actualisation
  • Le résultat moyen est 21 sur 28
Statistiques - réponses
Années Vainqueur Pays % Correct
2025 Luke Littler Angleterre
100%
2022 Michael van Gerwen Pays-Bas
93%
2019 Michael van Gerwen Pays-Bas
93%
2018 Michael van Gerwen Pays-Bas
93%
2016 Michael van Gerwen Pays-Bas
93%
2014 Michael van Gerwen Pays-Bas
93%
2012 Michael van Gerwen Pays-Bas
93%
2020 Gerwyn Price Pays de Galles
87%
2021 Jonny Clayton Pays de Galles
87%
2011 Phil Taylor Angleterre
87%
2009 Phil Taylor Angleterre
87%
2008 Phil Taylor Angleterre
87%
2006 Phil Taylor Angleterre
87%
2005 Phil Taylor Angleterre
87%
2002 Phil Taylor Angleterre
87%
2000 Phil Taylor Angleterre
87%
1999 Phil Taylor Angleterre
87%
1998 Phil Taylor Angleterre
87%
2023 Luke Humphries Angleterre
80%
2013 Phil Taylor Angleterre
80%
2003 Phil Taylor Angleterre
80%
2024 Mike De Decker Belgique
67%
2017 Daryl Gurney Irlande du Nord
47%
2010 James Wade Angleterre
47%
2007 James Wade Angleterre
40%
2004 Colin Lloyd Angleterre
13%
2015 Robert Thornton Écosse
13%
2001 Alan Warriner Angleterre
7%
Aucun quiz correspondant
Distribution des résultats
% des personnes avec chaque résultat
Percentile par nombre de réponses
Votre historique - résultats
Vous n’avez pas pris ce quiz depuis la dernière actualisation